A szellemtudományok körvonalai
Elmentve itt :
| Szerző: | |
|---|---|
| További közreműködők: | |
| Adatforrás: | Philobibl |
| Dokumentumtípus: | Könyv |
| Nyelv: | magyar |
| Megjelent: |
Bp.
Genius K.
1994
|
| LEADER | 00357nam a2200121 c 4500 | ||
|---|---|---|---|
| 001 | bibDOK00000257 | ||
| 005 | 20200924115645.6 | ||
| 008 | 060518s1994 hu hun | ||
| 100 | 1 | |a Steiner, Rudolf | |
| 245 | 1 | 2 | |a A szellemtudományok körvonalai |c Steiner, Rudolf ; [ford. Szilágyi Jenőné] |
| 260 | |a Bp. |b Genius K. |c 1994 | ||
| 300 | |a 336 p. | ||
| 700 | 1 | |a Szilágyi Jenőné | |